[Event "TUR Cup"]
[Site "Antalya"]
[Date "2019.01.29"]
[Round "4"]
[White "Celik, Cem Akin"]
[Black "Makaraci, Tunahan"]
[Result "0-1"]
[WhiteElo "1637"]
[BlackElo "1915"]
[PlyCount "102"]
[EventDate "2019.01.27"]
[EventType "swiss"]
[EventRounds "11"]
[EventCountry "TUR"]
[SourceTitle "CBM 188 Extra"]
[Source "ChessBase"]
[SourceDate "2019.02.26"]
[SourceVersion "1"]
[SourceVersionDate "2019.02.26"]
[SourceQuality "1"]

1. f4 d5 2. Nf3 g6 3. g3 Bg7 4. Bg2 c6 5. e4 dxe4 6. Ng5 f5 7. d3 h6 8. Nh3 exd3 9. cxd3 Nf6 10. Nc3 0-0 11. Nf2 e6 12. 0-0 Nd5 13. d4 Qb6 14. Ne2 Nd7 15. b3 N7f6 16. Qd3 Bd7 17. Ba3 Rf7 18. Kh1 Qa5 19. Bd6 Rd8 20. Rfc1 Be8 21. Be5 Bf8 22. Rc4 Nd7 23. Ra4 Qb6 24. Rc4 Nxe5 25. fxe5 c5 26. a4 a5 27. g4 cxd4 28. gxf5 Nb4 29. Qg3 exf5 30. Nf4 Rg7 31. Rd1 g5 32. Rxb4 axb4 33. Nd5 Qe6 34. Rxd4 Kh8 35. Nc7 Qc8 36. Rxd8 Qxd8 37. Ne6 Qc8 38. Bd5 Bf7 39. Qh3 Rg6 40. Qxf5 Bxe6 41. Bxe6 Rxe6 42. Ne4 Be7 43. Qh3 Qc1+ 44. Kg2 Qb2+ 45. Nf2 Qxe5 46. Qf3 Qc3 47. Qf7 Qc6+ 48. Kf1 Bc5 49. h4 Rf6 50. Qh5 Rxf2+ 51. Ke1 Qh1# 0-1

[Event "TUR Cup"]
[Site "Antalya"]
[Date "2019.01.28"]
[Round "3"]
[White "Kizilkus, Akin"]
[Black "Celik, Cem Akin"]
[Result "1-0"]
[WhiteElo "2100"]
[BlackElo "1637"]
[PlyCount "95"]
[EventDate "2019.01.27"]
[EventType "swiss"]
[EventRounds "11"]
[EventCountry "TUR"]
[SourceTitle "CBM 188 Extra"]
[Source "ChessBase"]
[SourceDate "2019.02.26"]
[SourceVersion "1"]
[SourceVersionDate "2019.02.26"]
[SourceQuality "1"]

1. d4 Nf6 2. c4 g6 3. Nc3 Bg7 4. e4 d6 5. h3 0-0 6. Bg5 e5 7. dxe5 dxe5 8. Qxd8 Rxd8 9. Nd5 Nbd7 10. Nxc7 Rb8 11. Rd1 Rf8 12. f3 h6 13. Be3 b6 14. Ne2 Bb7 15. Nc3 Rfd8 16. Kf2 Bf8 17. Be2 Nc5 18. g4 Rbc8 19. Rxd8 Rxd8 20. Rd1 Rxd1 21. Nxd1 Bc6 22. Nc3 Ne8 23. Nxe8 Bxe8 24. Nd5 Kg7 25. Nc7 Bd7 26. b4 Na4 27. Bd2 Bd6 28. Nd5 f5 29. Ke1 f4 30. Kd1 h5 31. Kc2 hxg4 32. hxg4 g5 33. Kb3 a6 34. Bd1 b5 35. c5 Bb8 36. Ka3 Kf7 37. Bb3 Kg6 38. c6 Be6 39. c7 Bxc7 40. Nxc7 Bc8 41. Bxa4 bxa4 42. Kxa4 Kf6 43. Ka5 Ke7 44. a4 Kd6 45. Kb6 Ke7 46. a5 Kd8 47. Bc3 Bd7 48. b5 1-0

[Event "TUR Cup										"]
[Site "Antalya"]
[Date "2018.02.03"]
[Round "11"]
[White "Celik, Cem Akin"]
[Black "Sahin, Huseyin"]
[Result "1/2-1/2"]
[WhiteElo "1546"]
[BlackElo "1823"]
[PlyCount "140"]
[EventDate "2018.01.27"]
[EventType "swiss"]
[EventRounds "11"]
[EventCountry "TUR"]
[SourceTitle "CBM 182 Extra"]
[Source "ChessBase"]
[SourceDate "2018.02.23"]
[SourceVersion "1"]
[SourceVersionDate "2018.02.23"]
[SourceQuality "1"]

1. f4 Nf6 2. Nf3 g6 3. g3 Bg7 4. d3 0-0 5. e4 d6 6. Bg2 c5 7. 0-0 Nc6 8. c3 Bg4 9. Na3 Nd7 10. Qc2 e6 11. Nc4 Bxf3 12. Bxf3 Nf6 13. Ne3 Rc8 14. Qg2 h5 15. Bd2 Qb6 16. Nc4 Qd8 17. Ne3 e5 18. f5 Ne7 19. fxg6 fxg6 20. Rf2 Qd7 21. a4 Rf7 22. Bd1 Kh7 23. Bb3 Rff8 24. Raf1 a6 25. h3 b5 26. g4 bxa4 27. g5 Nfg8 28. Rxf8 Rxf8 29. Rxf8 Bxf8 30. Bc4 a5 31. Qf3 Qe8 32. h4 Bg7 33. Kf2 Nc8 34. Nd5 Qf8 35. Bb5 Qxf3+ 36. Kxf3 Nge7 37. Nxe7 Nxe7 38. c4 Kg8 39. Bxa5 Kf7 40. Bxa4 Bf8 41. Bd7 Ng8 42. Bd8 Be7 43. Bc7 Bf8 44. Bc6 Ne7 45. Bb7 Ke6 46. Ba5 Kd7 47. Ba6 Ke6 48. Bb5 Kf7 49. Bd7 Ng8 50. b4 cxb4 51. Bxb4 Ke7 52. Bc6 Kf7 53. Bd5+ Kg7 54. Ke3 Ne7 55. d4 Nxd5+ 56. exd5 exd4+ 57. Kxd4 Kf7 58. c5 dxc5+ 59. Bxc5 Bg7+ 60. Ke4 Bc3 61. Bf2 Ke7 62. Bg3 Kd7 63. Kd3 Bb2 64. Bf2 Be5 65. Ke4 Bh2 66. Be1 Kd6 67. Bb4+ Kd7 68. Kf3 Be5 69. Be1 Kd6 70. Ke4 Bh2 1/2-1/2

[Event "TUR Cup										"]
[Site "Antalya"]
[Date "2018.01.30"]
[Round "6"]
[White "Celik, Cem Akin"]
[Black "Ozsakallioglu, Akin"]
[Result "1/2-1/2"]
[WhiteElo "1546"]
[BlackElo "1865"]
[PlyCount "81"]
[EventDate "2018.01.27"]
[EventType "swiss"]
[EventRounds "11"]
[EventCountry "TUR"]
[SourceTitle "CBM 182 Extra"]
[Source "ChessBase"]
[SourceDate "2018.02.23"]
[SourceVersion "1"]
[SourceVersionDate "2018.02.23"]
[SourceQuality "1"]

1. f4 d5 2. Nf3 f5 3. g3 Nf6 4. Bg2 e6 5. b3 c5 6. Bb2 Nc6 7. e3 Bd6 8. 0-0 0-0 9. Na3 a6 10. c4 Rb8 11. d4 b5 12. cxd5 Nxd5 13. Re1 Qe7 14. Ne5 Bxe5 15. fxe5 cxd4 16. exd4 Ncb4 17. Nc2 Nxc2 18. Qxc2 Bb7 19. Qc5 Qd7 20. Qd6 Rfd8 21. Qxd7 Rxd7 22. Bxd5 Rxd5 23. Rac1 Rbd8 24. Rc7 R8d7 25. Rec1 h6 26. Kf2 Kh7 27. Ke3 Kg6 28. R1c5 Kf7 29. h4 Ke8 30. h5 Kd8 31. Rxd7+ Rxd7 32. Bc3 Ke7 33. a4 bxa4 34. bxa4 Bd5 35. Bb4 Kf7 36. Rc8 g6 37. hxg6+ Kxg6 38. Rb8 Rc7 39. Bc5 Rb7 40. Rxb7 Bxb7 41. Kf4 1/2-1/2

[Event "Malatya Golden Apricot op 3rd"]
[Site "Malatya"]
[Date "2015.08.28"]
[Round "6"]
[White "Celik, Cem Akin"]
[Black "Sarginalp, Tuna"]
[Result "1-0"]
[WhiteElo "1539"]
[BlackElo "1381"]
[PlyCount "83"]
[EventDate "2015.08.25"]
[EventType "swiss"]
[EventRounds "9"]
[EventCountry "TUR"]
[SourceTitle "EXT 2016"]
[Source "ChessBase"]
[SourceDate "2015.10.08"]
[SourceVersion "1"]
[SourceVersionDate "2015.10.08"]
[SourceQuality "1"]

1. f4 d5 2. Nf3 Nf6 3. g3 c5 4. Bg2 e6 5. 0-0 Nc6 6. d3 Be7 7. c3 0-0 8. Qc2 b6 9. e4 d4 10. e5 Nd5 11. c4 Ndb4 12. Qe2 Bb7 13. a3 Na6 14. Nbd2 Nc7 15. Ne4 a6 16. Bd2 Qd7 17. Rac1 Ne8 18. Nfg5 h6 19. h4 hxg5 20. hxg5 g6 21. Qg4 Nxe5 22. fxe5 Bxe4 23. Bxe4 Rb8 24. Kg2 Kg7 25. Rh1 Nc7 26. Rh6 Rh8 27. Qh4 Qe8 28. Rh1 Qg8 29. Qf4 Rxh6 30. Rxh6 Qe8 31. Qh4 Qg8 32. Bf4 b5 33. Bc1 bxc4 34. dxc4 Rb3 35. Bc2 Rb6 36. Kf2 Rb8 37. Ke2 Rb6 38. b3 Rb8 39. Bd2 Rb6 40. Ba5 Rb7 41. Qe4 Qc8 42. Qh1 1-0